Statistics for Name The Top 62 Biggest Cities/Towns in Saskatchewan

Click here to take the quiz!

General Stats

  • This quiz has been taken 24 times
  • The average score is 23 of 61

Answer Stats

Population (2016 census)No.Answer% Correct
245,1811Saskatoon
100%
35,1023Prince Albert
92%
214,6312Regina
92%
32,7244Moose Jaw
85%
13,5678North Battleford
85%
16,0416Yorkton
85%
16,0227Swift Current
77%
3,05223Kindersley
69%
10,67911Weyburn
69%
3,75021Battleford
62%
11,2589Estevan
62%
31,4005Lloydminister
62%
5,77813Melfort
62%
5,67114La Ronge
54%
4,12719Melville
54%
2,33128Rosetown
54%
10,96110Warman
54%
4,23418White City
54%
4,79117Flin Flon
46%
1,82436Lumsden
46%
2,07430Maple Creek
46%
9,53312Martensville
46%
2,54824Moosomin
46%
3,98920Nipawin
46%
3,13622Tisdale
46%
1,74541Balgonie
38%
2,16529Biggar
38%
2,36727Esterhazy
38%
5,26615Meadow Lake
38%
2,47525Unity
38%
2,38926Assiniboia
31%
1,70043Canora
31%
1,50347Carlyle
31%
4,87216Humbolt
31%
1,80237Indian Head
31%
1,86534Watrous
31%
1,02262Foam Lake
23%
1,92032Fort Qu'Apelle
23%
1,30650Hudson Bay
23%
1,21353Lanigan
23%
1,48848Rosthern
23%
1,69944Shaunavon
23%
1,73242Wynyard
23%
1,03859Delisle
15%
1,77539Kamsack
15%
1,19354Macklin
15%
1,23752Osler
15%
1,82935Outlook
15%
1,12657Oxbow
15%
1,62945Regina Beach
15%
1,27751Shellbrook
15%
1,13456Wadena
15%
1,14955Wilkie
15%
1,02361Carnduff
8%
1,76940Dalmeny
8%
1,31949Langham
8%
1,54546Stanley
8%
1,03360Birch Hills
0%
1,04658Kimosom Pwatinahk
0%
1,94231Pelican Narrows
0%
1,80038Pilot Buttle
0%

Score Distribution

Percentile by Number Answered

Percent of People with Each Score

Your Score History

You have not taken this quiz